|
|
|
|
| LEADER |
00000nam a22000007a 4500 |
| 005 |
20160510115427.0 |
| 007 |
cr|||| ||u| |
| 008 |
160510s2015 sp ||||| |||| 00||0 spa d |
| 020 |
|
|
|a 978-84-7351-428-6
|
| 035 |
|
|
|a 1419
|
| 040 |
|
|
|a vLex
|
| 090 |
|
|
|c 6062
|d 6062
|
| 245 |
1 |
0 |
|a Cd̤igo RENEUAL de procedimiento administrativo de la Unin̤ Europea
|h [Recurso electrn̤ico] /
|c Instituto Nacional de Administracin̤ Pb︢lica (INAP)
|
| 256 |
|
|
|a Servicio en ln̕ea
|
| 260 |
|
|
|a Epsaą
|b Instituto Nacional de Administracin̤ Pb︢lica (INAP)
|c 2015
|
| 300 |
|
|
|a 1 recurso electrn̤ico
|
| 500 |
|
|
|a Monografa̕ sobre la forma de organizar y estructurar el procedimiento administrativo, en los distintos aspectos (contratos, gestin̤, asistencia mt︢ua, etc en la Unin̤ Europea)
|
| 506 |
1 |
|
|a Contenido solo disponible en los productos indicados
|d vLex Global
|d vLex Global (Academic Edition, excluding Law Schools)
|d vLex Global (U.S. Academic Edition, Law Schools)
|d vLex Global (U.S. Academic Edition, excluding Law Schools)
|d vLex Global (Academic Edition, Law Schools)
|
| 650 |
0 |
4 |
|a Procedimiento administrativo
|b Espaą
|
| 710 |
|
|
|a Instituto Nacional de Administracin̤ Pb︢lica (INAP)
|
| 740 |
0 |
|
|a vLex libros (servicio en ln̕ea)
|
| 856 |
4 |
0 |
|u http://vlex.com/source/codigo-reneual-de-procedimiento-administrativo-de-la-union-europea-14197
|z Acceso restringido
|
| 942 |
|
|
|c BOOK
|
| 999 |
0 |
|
|a Administrative procedure
|b Spain
|